| 000 | 00700 a2200169 4500 | ||
|---|---|---|---|
| 999 |
_c607 _d607 |
||
| 020 | _a9780073406930 | ||
| 050 | _aD20 BEN 2009 | ||
| 100 |
_aBentley, Jerry H. _eauthor |
||
| 245 |
_aTraditions & encounters : _ba global perspective on the past / _cJerry H. Bentley, Herbert F. Ziegler |
||
| 264 |
_aBoston : _bMcGraw-Hill, _c2009 |
||
| 300 |
_a2 v. : _b ill. (some col.), maps ; 26 cm. v. 2 CD ROM |
||
| 500 | _aIncludes bibliographical references and index. v. 1. From the beginning to 1500 -- v. 2. From 1500 to the present. & CD ROM | ||
| 650 | _aWorld history. | ||
| 650 |
_aIntercultural communication _xHistory. |
||
| 700 |
_aZiegler, Herbert F. _eauthor |
||
| 942 |
_2lcc _cBK _e4th ed. _h20 _iBEN _kD |
||